000 00764cam a22002773a 4500
001 32737
003 PGUSA
005 20140828083716.0
008 100607s2010||||xxu|||||s|||||000 1 eng d
040 _aPGUSA
_beng
042 _adc
050 4 _aPS
100 1 _aDryfoos, Dave,
_d1915-2003
245 1 0 _aUniform of a Man
_h[electronic resource] /
_cDave Dryfoos
260 _bProject Gutenberg,
_c2010
506 _aPublic domain in the USA.
516 _aElectronic text
653 _aPrisoners -- Fiction
653 _aShort stories
653 _aScience fiction
653 _aHuman-alien encounters -- Fiction
700 1 _aPalais, Rudolph
830 0 _aProject Gutenberg
_v32737
856 4 0 _uhttp://www.gutenberg.org/ebooks/32737
942 _cEB
999 _c261992
_d261992